000 00877nam a22002177a 4500
005 20240814175149.0
008 s2537 th tha d
041 _atha
100 0 _aคนึง ฦๅไชย
245 1 0 _aกฎหมายวิธีพิจารณาความอาญา เล่ม 1 / คนึง ฦาไชย [4th]
260 3 _aกรุงเทพฯ :
_bมหาวิทยาลัยธรรมศาสตร์,
_c2537
300 _a246 หน้า ;
_b 26 ซม.
650 0 4 _aวิธีพิจารณาความอาญา
650 0 4 _aกฎหมายวิธีพิจารณาความอาญา
700 0 _aคนึง ฦาไชย
850 _aNALT
942 _cLB
997 _c000000000019556
998 _aAREERAT
_j25
_k นีลวัสน์ อินทรักษา
999 _c19556
_d19556
090 _aKT41 ค142ก 2537